00842nam a2200241 i 4500003001000000005001700010007000300027008004100030020001800071040003500089041000800124043001200132084000900144100003500153245018100188250002200369264004800391300002500439336002700464337003300491338002800524650004800552CO-BoRNBP20241114092139.0ta241016s2018 ck |||| |||| 00| 0 spa d a9789584851659 aCO-BoRNBPbspacCO-BoRNBPerda aspa as-ck--- aGARg1 aGaray Carrillo, Robertoeautor1 aGranada y el Ariari de mis amoresbVamos Pal Monte/cRoberto Garay Carrillo; Corrección de Texto y Gramática, Linda Ibeth Garay Sánchez y Bladimir Roberto Garay Sánchez aPrimera edición 4aColombiab©Municipio de Granada Metac2018 a278 páginasc21 cm 2rdacontentatextobtxt 2rdamediaasin mediaciónbn 2rdacarrieravolumenbnc 2LEMBaRelatos colectivos de acontecimientos